Troja : Results of the Latest Researches and Discoveries on the Site of Homer's Troy, and in the Heroic Tumuli and Other Sites, Made in the Year 1882, and a Narrative of a Journey in the Troad in 1881 /
El arqueólogo prusiano Heinrich Schliemann (1822-1890) dedicó su vida y su fortuna a dirigir las excavaciones de las ruinas de Troya, Turquía y de la Argólida en Grecia, con el fin de demostrar la veracidad histórica de los escenarios contenidos en los poemas épicos de Homero. Tales expediciones die...
Tallennettuna:
| Päätekijä: | |
|---|---|
| Aineistotyyppi: | Kirja |
| Kieli: | englanti |
| Aiheet: | |
| Tagit: |
Ei tageja, Lisää ensimmäinen tagi!
|
MARC
| LEADER | 00000nam^a2200000^a^4500 | ||
|---|---|---|---|
| 001 | 000380996 | ||
| 005 | 20250526000000.0 | ||
| 009 | 20260310120629.903 | ||
| 037 | |a Acervo Xavier Clavigero | ||
| 041 | |a ING | ||
| 082 | |a 956. 201 |b SCH | ||
| 100 | |a Schliemann, Heinrich |e (autor) | ||
| 245 | 1 | 0 | |a Troja : |b Results of the Latest Researches and Discoveries on the Site of Homer's Troy, and in the Heroic Tumuli and Other Sites, Made in the Year 1882, and a Narrative of a Journey in the Troad in 1881 / |c H. Schliemann ; pref. de Archibald Henry Sayce. |
| 264 | |a Londres, Inglaterra : |b John Murray, |c 1884, c1884 | ||
| 300 | |a XL, 434 p., [2] mapas, [2] planos ; |c 24.5 cm. | ||
| 336 | |a texto |b txt |2 rdacontenido | ||
| 337 | |a sin mediación |b n |2 rdamedio | ||
| 338 | |a volumen |b nc |2 rdasoporte | ||
| 520 | |a El arqueólogo prusiano Heinrich Schliemann (1822-1890) dedicó su vida y su fortuna a dirigir las excavaciones de las ruinas de Troya, Turquía y de la Argólida en Grecia, con el fin de demostrar la veracidad histórica de los escenarios contenidos en los poemas épicos de Homero. Tales expediciones dieron como resultado las presentes obras, Troya y Mecenias, que describen a detalle las cerámicas y tumbas descubiertas en tales lugares. | ||
| 561 | |a Ex libris de Bibl. Magnopontanae Domus Scti. Ioseph. Prov. Mex. Sept. S.I. | ||
| 649 | |a XX | ||
| 650 | |a Escritores Griegos | ||
| 650 | |a Ciudades Amuralladas - |z Troya, Turquía | ||
| 650 | |a Zonas Arqueológicas | ||
| 650 | |a Inscripciones Griegas - |x Historia y Crítica | ||
| 650 | |a Poesía Clásica - |x Historia y Crítica | ||
| 650 | |a Poesía Epica Griega - |x Historia y Crítica | ||
| 650 | |a Poesía Griega - |x Historia y Crítica | ||
| 650 | |a Literatura Clásica - |x Historia y Crítica | ||
| 650 | |a Literatura Epica Griega - |x Historia y Crítica | ||
| 650 | |a Literatura Griega - |x Historia y Crítica | ||
| 650 | |a Escultura Clásica - |x Historia y Crítica | ||
| 650 | |a Escultura Turca - |x Historia y Crítica | ||
| 650 | |a Arquitectura Militar - |x Historia y Crítica | ||
| 650 | |a Arquitectura Clásica - |x Historia y Crítica | ||
| 650 | |a Arquitectura Turca - |x Historia y Crítica | ||
| 650 | |a Arte Clásico - |x Historia y Crítica | ||
| 650 | |a Arte Turco - |x Historia y Crítica | ||
| 650 | |a Arqueología - |z Turquía | ||
| 650 | |a Historia Antigua | ||
| 650 | |a Troya, Turquía - |x Descripción | ||
| 650 | |a Troya, Turquía - |x Historia - |x Tema Principal | ||
| 650 | |a Turquía - |x Descripción | ||
| 650 | |a Turquía - |x Historia - |y Período Antiguo - |x Tema Principal | ||
| 650 | |a Homero | ||
| 910 | |a Fondo General | ||
| 920 | |a Impresos - Libros | ||
| 930 | |a Libros Antiguos y Raros | ||
| 905 | |a 108 | ||
| 901 | |a 0500176817 |b IT2 |c LRA |u 20250526 | ||
| 902 | |a https://opac.biblio.iteso.mx/vufind/Record/000380996 | ||